Political Parties in Indonesia - Statistics

General Stats
  • This quiz has been taken 24 times
  • The average score is 7 of 9
Answer Stats
Seats in Parliament (Hint) Answer % Correct
110/580 Democratic Party of Indonesia- Perjungan (PDI-P)
96%
102/580 Party of Functional Groups (GOLKAR)
96%
44/580 Demokrat Party (DEMOKRAT)
91%
0/580 United Development Party (PPP)
83%
86/580 Great Indonesia Movement Party (GERINDRA)
78%
48/580 National Mandate Party (PAN)
74%
69/580 NasDem Party (NASDEM)
70%
68/580 National Awakening Party (PKB)
65%
53/580 Prosperous Justice Party (PKS)
61%
No matching quizzes found
Score Distribution
Percent of People with Each Score
Percentile by Number Answered
Your Score History
You have not taken this quiz